Normal view
MARC view
- Addres, Paul G
Entry Personal Name
001 - CONTROL NUMBER
- control field: 38973
003 - CONTROL NUMBER IDENTIFIER
- control field: NUST
005 - DATE AND TIME OF LATEST TRANSACTION
- control field: 20210314131318.0
008 - FIXED-LENGTH DATA ELEMENTS
- fixed length control field: 210314|| aca||aabn | a|a d
040 ## - CATALOGING SOURCE
- Original cataloging agency: NUST
- Transcribing agency: NUST
100 ## - HEADING--PERSONAL NAME
- Personal name: Addres, Paul G
670 ## - SOURCE DATA FOUND
- Source citation: Work cat.: (NUST): Addres, Paul G., Basic Mathematics for Engineering, 1949
